Famous Pauls - Statistics

General Stats
  • This quiz has been taken 44 times
  • The average score is 7 of 16
Answer Stats
Picture Answer % Correct
Paul McCartney
93%
Paul Newman
73%
Paul Rudd
68%
Paul Simon
68%
Paul Walker
60%
Paul Anka
48%
Paul Blart
48%
Paul Reubens
48%
Paul Giamatti
45%
Pauly Shore
35%
Paul Dano
25%
Paul Michael Glaser
23%
Paul Mescal
20%
Paul Atreides
18%
Paul Wesley
10%
Paul Thomas Anderson
8%
No matching quizzes found
Score Distribution
Percent of People with Each Score
Percentile by Number Answered
Your Score History
You have not taken this quiz